| 000 | 00837nam a2200217Ii 4500 | ||
|---|---|---|---|
| 003 | JO-AjNU | ||
| 008 | 230605s9999||||xx |||||||||||||| ||und|| | ||
| 017 | _a2005/21799 | ||
| 020 | _a977-270-979-1 | ||
| 040 |
_aJO-AjNU _bara _erda _cJO-AjNU |
||
| 041 | _aara | ||
| 050 | 1 | 4 | _aZ692.C65.M83 2006 |
| 100 | 3 |
_aتاليف محمد ،عماد عيسى صالح /تقديم محمد فتحي عبد الهادي , _eauthor _911138 |
|
| 245 | 0 | 0 | _aالمكتبات الرقمية الاسس النظرية. التطبيقات العملية |
| 264 | 3 | 1 | _aالقاهرة :الدار المصرية اللبنانية ،2006 |
| 300 | _a286ص | ||
| 336 |
_atext _btxt _2rdacontent |
||
| 337 |
_aunmediated _bn _2rdamedia |
||
| 338 |
_avolume _bnc _2rdacarrier |
||
| 650 | 4 |
_aالمكتبات الرقمية -المكتبات-اتمتة _911139 |
|
| 999 |
_aA2168 _c5736 _d5736 |
||